ا ر د و ا و ر اڑ یا کا ا فسا نو یا د ب :تر قی پسند ی کے تنا ظر مين (Record no. 94704)

MARC details
000 -LEADER
fixed length control field 00826nam a22002177a 4500
005 - DATE AND TIME OF LATEST TRANSACTION
control field 20150707130553.0
008 - FIXED-LENGTH DATA ELEMENTS--GENERAL INFORMATION
fixed length control field 140714b xxu||||| |||| 00| 0 Urdu d
010 ## - LCCN (DPL NO)
LC control number UR-9166
020 ## - INTERNATIONAL STANDARD BOOK NUMBER
Terms of availability 350.00
035 ## - SYSTEM CONTROL NUMBER
System control number U-7721
037 ## - SOURCE OF ACQUISITION
Source of stock number/acquisition DBAD
040 ## - CATALOGING SOURCE
Original cataloging agency DPL
Language of cataloging Urdu
082 ## - DEWEY DECIMAL CLASSIFICATION NUMBER
Classification number 840.8
100 ## - MAIN ENTRY--PERSONAL NAME
Personal name ا يس کے مبين اللہ
245 ## - TITLE STATEMENT
Title ا ر د و ا و ر اڑ یا کا ا فسا نو یا د ب :تر قی پسند ی کے تنا ظر مين
Statement of responsibility, etc ا يس کے مبين اللہ
246 #h - VARYING FORM OF TITLE
Title proper/short title Urdu and Uria Fictions in the Perspective of Progressive Movement
Remainder of title By Dr. S.K. Mubinullah
260 ## - PUBLICATION, DISTRIBUTION, ETC. (IMPRINT)
Name of publisher, distributor, etc Educational Publishing House
Date of publication, distribution, etc 2013
Place of publication, distribution, etc Delhi
270 ## - ADDRESS
Address 3108,Vakil Stree,Kucha Pandit,Lal Kuan,
City Delhi
Telephone number 23216162
Postal code 110006
300 ## - PHYSICAL DESCRIPTION
Extent 352ص
Dimensions 22Cm (Hb)
942 ## - ADDED ENTRY ELEMENTS (KOHA)
Source of classification or shelving scheme Dewey Decimal Classification
Item type Urdu Bks
Edition
Classification part 840.8
Call number suffix ا ے س
Holdings
Withdrawn status Lost status Source of classification or shelving scheme Damaged status Not for loan Collection code Home library Current library Date acquired Source of acquisition Cost, normal purchase price Total Checkouts Full call number Barcode Date last seen Copy number Cost, replacement price Koha item type
    Dewey Decimal Classification   Not For Loan Non-fiction D.B.Act.Division D.B.Act.Division 07/07/2015 DBAD/Pub. 350.00   840.8 ا ے س U-7721 07/07/2015 1 350.00 Urdu Bks

© Delhi Public Library
Hit Counter
free hit counter